|
|
|
|
| LEADER |
00000nam0a2200000 4500 |
| 001 |
71350 |
| 005 |
20231031082534.0 |
| 010 |
|
|
|a 5700003503
|
| 020 |
|
|
|a RU
|b 92-29936
|
| 035 |
|
|
|a (RuTPU)RU\TPU\book\75957
|
| 090 |
|
|
|a 71350
|
| 100 |
|
|
|a 20041214d1992 m a0rusy5003 ca
|
| 101 |
0 |
|
|a rus
|
| 102 |
|
|
|a RU
|
| 105 |
|
|
|a a j 000zy
|
| 200 |
1 |
|
|a Библиотечные фонды
|e [Учеб. для библ. техникумов и библ. отд-ний культ.-просвет. уч-щ]
|f К. Л. Воронько
|
| 210 |
|
|
|a Москва
|c Кн. палата
|d 1992
|
| 215 |
|
|
|a 197,[1] с.
|c ил.
|d 21 см
|
| 320 |
|
|
|a Библиогр.: с. 194-195 (17 назв.)
|
| 610 |
0 |
|
|a учебники
|
| 610 |
0 |
|
|a фондоведение
|
| 610 |
0 |
|
|a комплектование
|
| 610 |
0 |
|
|a учет фондов
|
| 610 |
0 |
|
|a сохранность
|
| 686 |
|
|
|a Ч736.1
|2 rubbk
|
| 700 |
|
1 |
|a Воронько
|b К. Л.
|g Кира Леонардовна
|4 070
|
| 801 |
|
0 |
|a RU
|b RuMRKP
|c 19950417
|g psbo
|
| 801 |
|
1 |
|a RU
|b 63413507
|c 20041214
|g PSBO
|
| 801 |
|
2 |
|a RU
|b 63413507
|c 20220714
|g PSBO
|
| 942 |
|
|
|c BK
|